Kulturelle Differenzen und kollektive Identitaten

Αποθηκεύτηκε σε:
Λεπτομέρειες βιβλιογραφικής εγγραφής
Κύριος συγγραφέας: Wieviorka, Michel
Μορφή: Βιβλίο
Γλώσσα:German
French
Δημοσίευση: Hamburger : Hamburg, 2003.
Θέματα:
Ετικέτες: Προσθήκη ετικέτας
Δεν υπάρχουν, Καταχωρήστε ετικέτα πρώτοι!

MARC

LEADER 00000cam a2200000 i 4500
001 1/80020
008 050705s2003 gw | ||| |||| ||ger||
020 |a 3930908905 
035 |l 10078916 
040 |a GR-MY-UA  |b gre  |e aacr 
041 1 |a ger  |h fre 
082 7 |a 306   |2 (22) 
100 1 |a Wieviorka, Michel. 
245 1 0 |a Kulturelle Differenzen und kollektive Identitaten /   |c Michel Wieviorka ; aus dem Franzosischen von Ronald Voullie.  
260 |a Hamburger :   |b Hamburg,   |c 2003.  
300 |a 245 σ. ;   |c 21 εκ. 
500 |a Τίτλος πρωτοτύπου: La difference.  
504 |a Βιβλιογραφία: σ. 230-241. 
650 0 0 |a Culture. 
650 0 0 |a Multiculturalism. 
650 0 0 |a Political culture. 
852 |a INST  |b RHODES  |e 20050705  |h 306 WIE  |p 005400023003  |q 005400023003  |t BK  |y 0 
901 |a BIBL4-2005-2 
909 |a Ρ  |b 121837 
970 |a ΚΟΖΑ  |b ΜΑΡΙΑ  |z 2005/07/05